Central Library OPAC University of Rajshahi

বাণিজ্যিক ও শিল্প আইন = [Commercial & Industial Law] / (Record no. 55892)

MARC details
000 -LEADER
fixed length control field 01103nam a2200241 a 4500
001 - CONTROL NUMBER
control field 55892
003 - CONTROL NUMBER IDENTIFIER
rucl marc code BD-RjUL
005 - DATE AND TIME OF LATEST TRANSACTION
control field 20211209080328.0
008 - FIXED-LENGTH DATA ELEMENTS--GENERAL INFORMATION
fixed length control field 161122s1966 bg ||||| |||| 001 0 ben d
035 ## - SYSTEM CONTROL NUMBER
System control number (BD-RjUL)56016
040 ## - CATALOGING SOURCE
Original cataloging agency BD-RjUL
Language of cataloging ben
Transcribing agency BD-RjUL
Modifying agency BD-RjUL
041 ## - LANGUAGE CODE
Language code of text/sound track or separate title ben
082 ## - DEWEY DECIMAL CLASSIFICATION NUMBER
Edition number 23
Classification number 346.075492
Author mark and year FAB 1966
100 1# - MAIN ENTRY--PERSONAL NAME
Personal name ফারুকী, মোঃ নুরুল ইসলাম
9 (RLIN) 136762
245 10 - TITLE STATEMENT
Title বাণিজ্যিক ও শিল্প আইন = [Commercial & Industial Law] /
Statement of responsibility, etc. মোঃ নুরুল ইসলাম ফারুকী, মোঃ মোজাহার জামিল ও আলমগীর হোসেন
260 ## - PUBLICATION, DISTRIBUTION, ETC. (IMPRINT)
Place of publication, distribution, etc. ঢাকা :
Name of publisher, distributor, etc. কাজী প্রকাশন,
Date of publication, distribution, etc. ১৯৬৬
300 ## - PHYSICAL DESCRIPTION
Pagination xxxii, ৮১৬ পৃ. ;
Size ২০ সেমি.
650 ## - SUBJECT ADDED ENTRY--TOPICAL TERM
Topical term or geographic name as entry element বাণিজ্যিক আইন
Geographic subdivision বাংলাদেশ
9 (RLIN) 143814
Topical term or geographic name as entry element Commercial law
Geographic subdivision Bangladesh
9 (RLIN) 143815
700 ## - ADDED ENTRY--PERSONAL NAME
Personal name জামিল, মোঃ মোজাহার
Personal name হোসেন, আলমগীর
942 ## - ADDED ENTRY ELEMENTS (KOHA)
Source of classification or shelving scheme Dewey Decimal Classification
Koha item type Books
Holdings
Lost status Source of classification or shelving scheme Damaged status Not for loan Collection code Permanent Location Current Location Shelving location Date acquired Source of acquisition Cost, normal purchase price Total Checkouts Full call number Date last seen Copy number Koha item type
  Dewey Decimal Classification     Non-fiction Central Library, University of Rajshahi Central Library, University of Rajshahi   16/02/1988 Bangla Academy, Dhaka. 72.00   B 346.075492 FAB 1966 22/11/2016 C-2 Books